Државе Европе пре Другог светског рата - Statistics

General Stats
  • This quiz has been taken 122 times
  • The average score is 30 of 33
Answers on the Map
Answers color-coded by a green-red scale on the quiz's map according to % correct below.
 
Answer Stats
Држава % Correct
Југославија
99%
Француска
99%
Грчка
98%
Италија
98%
Немачка
98%
Португалија
98%
Уједињено Краљевство
98%
Шпанија
98%
Бугарска
97%
Норвешка
97%
Швајцарска
97%
Белгија
96%
Данска
96%
Румунија
96%
Ирска
95%
Холандија
95%
Шведска
95%
Финска
94%
Мађарска
93%
Естонија
92%
Пољска
92%
Летонија
91%
Литванија
91%
Луксембург
91%
Совјетски Савез
91%
Ватикан
90%
Исланд
90%
Сан Марино
89%
Монако
87%
Лихтенштајн
86%
Андора
85%
Словачка
83%
Данциг
27%
No matching quizzes found
Score Distribution
Percent of People with Each Score
Percentile by Number Answered
Your Score History
You have not taken this quiz